| 000 | 00695cab a2200205 4500 | ||
|---|---|---|---|
| 001 | WB2449-33 | ||
| 008 | 090401t1988 xxu||||| |||| 00| 0 eng d | ||
| 035 | _a(Sirsi) u88854 | ||
| 041 | _aeng | ||
| 245 | _aConsultation paper | ||
| 260 | _c1988 | ||
| 350 | _a0 | ||
| 490 |
_aDoE consultation paper _v1 December 1988, 18 pages |
||
| 520 | _aComments on the consultation paper outlining Government proposals for changes to the boundary between domestic and non-domestic property for community charge and rating purposes are invited by the 31 January 1989. | ||
| 650 | _aDOMESTIC PROPERTY | ||
| 650 | _aREVALUATION | ||
| 690 | _aRATING AND VALUATION | ||
| 942 | _n0 | ||
| 948 | _c04/03/1997 | ||
| 999 |
_c56190 _d56190 |
||